[Event "4th Stage Russian Cup"]
[Site "Samara RUS"]
[Date "2002.07.31"]
[Round "6"]
[White "Driamin,D"]
[Black "Bocharov,D"]
[Result "0-1"]
[WhiteElo "2323"]
[BlackElo "2475"]
[EventDate "2002.07.26"]

1. d4 Nf6 2. c4 e6 3. Nc3 Bb4 4. e3 c5 5. Bd3 Nc6 6. Nge2 cxd4 7. exd4 d5
8. c5 O-O 9. O-O e5 10. a3 Bxc3 11. bxc3 h6 12. dxe5 Nxe5 13. Bf4 Re8 14.
Nd4 Qa5 15. Bb5 Re7 16. Re1 Qc7 17. c6 Ne4 18. c4 g5 19. cxb7 Bxb7 20. cxd5
Nxf2 21. Bxe5 Nxd1 0-1

[Event "4th Stage Russian Cup"]
[Site "Samara RUS"]
[Date "2002.07.31"]
[Round "6"]
[White "Grebionkin,Vl"]
[Black "Gareev,T"]
[Result "1-0"]
[WhiteElo "2475"]
[BlackElo "2191"]
[EventDate "2002.07.26"]

1. d4 d5 2. c4 e6 3. Nc3 c5 4. cxd5 cxd4 5. Qa4+ Bd7 6. Qxd4 exd5 7. Qxd5
Nf6 8. Qd1 Nc6 9. Nf3 Bc5 10. e3 Qe7 11. a3 O-O-O 12. Qc2 g5 13. Be2 g4 14.
Nd2 Kb8 15. b4 Bb6 16. Nc4 Bc7 17. Bb2 Ne5 18. O-O-O Bc6 19. e4 Nxc4 20.
Bxc4 Nxe4 21. Nd5 Bxd5 22. Bxd5 Rhe8 23. Bxe4 Qxe4 24. Qxe4 Rxe4 25. Rxd8+
Bxd8 26. Kd2 Kc8 27. Kd3 Rf4 28. Bd4 Bb6 29. Bxb6 axb6 30. Rc1+ Kd7 31. Rc4
Rxc4 32. Kxc4 Kc6 33. a4 b5+ 34. axb5+ Kb6 35. f4 gxf3 36. gxf3 h6 37. f4
h5 38. f5 h4 39. h3 Kc7 40. Kd5 Kd7 41. Ke5 Ke7 42. Kf4 Kd6 43. Kg5 Ke5 44.
b6 Ke4 45. Kf6 Kf4 46. Kxf7 Kxf5 47. Ke7 Kf4 48. Kd7 Kg3 49. Kc7 Kxh3 50.
Kxb7 Kg4 51. Ka7 h3 52. b7 h2 53. b8=Q h1=Q 54. Qc8+ Kg3 55. Qc3+ Kf2 56.
Qd4+ Kg3 57. b5 Qh7+ 58. Ka6 Qe7 59. Qd3+ Kf2 60. b6 Qe6 61. Qd4+ Ke1 62.
Qf4 Kd1 63. Ka7 Qd5 1-0

[Event "4th Stage Russian Cup"]
[Site "Samara RUS"]
[Date "2002.07.31"]
[Round "6"]
[White "Nikitin,An"]
[Black "Kim,Se"]
[Result "1-0"]
[WhiteElo "2471"]
[BlackElo "2268"]
[EventDate "2002.07.26"]

1. d4 Nf6 2. c4 g6 3. Nc3 Bg7 4. e4 d6 5. Nf3 O-O 6. Be2 e5 7. O-O Nbd7 8.
Be3 c6 9. Qc2 Re8 10. d5 c5 11. Rab1 Nh5 12. g3 Ndf6 13. b4 b6 14. bxc5
bxc5 15. Rb2 h6 16. Rfb1 Ng4 17. Bd2 f5 18. Nh4 Nf4 19. f3 Nh3+ 20. Kg2
Nf4+ 21. Bxf4 exf4 22. fxg4 fxg4 23. Bd3 Qf6 24. Nb5 Rb8 25. Rb3 g5 26. Nc7
Rxb3 27. Nxe8 f3+ 28. Kf1 Rxb1+ 29. Qxb1 Qe5 30. Nxg7 gxh4 31. Nf5 Bxf5 32.
exf5 hxg3 33. hxg3 Qxg3 34. Qb8+ Kf7 35. Qc7+ Kf6 36. Qd8+ Kf7 37. Qd7+ Kf8
38. Qc8+ Ke7 39. f6+ Kxf6 40. Qe6+ Kg7 41. Qg6+ Kf8 42. Qf6+ Kg8 43. Qg6+
Kf8 44. Qxh6+ Ke7 45. Qg5+ Kf8 46. Qf6+ Kg8 47. Qg6+ Kf8 48. Qh6+ Ke7 49.
Qe3+ Kd8 50. Bf5 Qh4 51. Qe6 Qh1+ 52. Kf2 Qh2+ 53. Ke3 Qg1+ 54. Kf4 Qd4+
55. Kg3 Qg1+ 56. Kh4 1-0

[Event "4th Stage Russian Cup"]
[Site "Samara RUS"]
[Date "2002.07.31"]
[Round "6"]
[White "Ayupov,D"]
[Black "Ovetchkin,R"]
[Result "0-1"]
[WhiteElo "2312"]
[BlackElo "2557"]
[EventDate "2002.07.26"]

1. d4 Nf6 2. c4 c5 3. d5 e5 4. Nc3 d6 5. e4 Be7 6. g3 Na6 7. Bg2 Nc7 8.
Nge2 h5 9. h3 h4 10. g4 Nd7 11. O-O Rb8 12. Be3 Bg5 13. f4 exf4 14. Nxf4
Ne5 15. Qe2 a6 16. Rab1 b5 17. cxb5 Nxb5 18. Nxb5 Rxb5 19. Rfc1 O-O 20. b3
Bd7 21. Rb2 Rb6 22. Bf1 Bb5 23. Qf2 Bxf1 24. Qxf1 Rb4 25. Rf2 Rxe4 26. Re1
Re8 27. Kg2 Qa8 28. Rfe2 Bxf4 29. Bxf4 Rxe2+ 0-1

[Event "4th Stage Russian Cup"]
[Site "Samara RUS"]
[Date "2002.07.31"]
[Round "6"]
[White "Dyachkov,S"]
[Black "Kotanjian,T"]
[Result "1-0"]
[WhiteElo "2549"]
[BlackElo "2388"]
[EventDate "2002.07.26"]

1. d4 d5 2. c4 c6 3. Nf3 Nf6 4. Nc3 dxc4 5. e3 b5 6. a4 b4 7. Na2 e6 8.
Bxc4 Nbd7 9. O-O c5 10. Bd2 a5 11. Nc1 Be7 12. Nb3 O-O 13. Qe2 Bb7 14. Rfc1
Qb6 15. Be1 Rfc8 16. Bb5 cxd4 17. exd4 Nf8 18. Ne5 Ng6 19. Rxc8+ Rxc8 20.
Nc4 Qa7 21. f3 Nd5 22. Bf2 Ndf4 23. Qf1 Bd5 24. Rc1 Bg5 25. Rc2 Ne7 26. Qd1
h5 27. Ncxa5 Rd8 28. Qe1 Rb8 29. Qe5 f6 30. Qc7 Qxc7 31. Rxc7 Nf5 32. Nc5
Nd6 33. Bf1 Ra8 34. Nc6 f5 35. Nxb4 Bc4 36. Bxc4 Nxc4 37. b3 Na5 38. g3
Nh3+ 39. Kg2 Nxf2 40. Kxf2 Rb8 41. Nc6 Nxc6 42. Rxc6 Bf6 43. Ke3 Rb4 44.
Rd6 e5 45. dxe5 Bxe5 46. Rd5 f4+ 47. Kd3 Bf6 48. Rxh5 g5 49. Ne4 Rd4+ 50.
Ke2 Be7 51. gxf4 gxf4 52. Rb5 Kf7 53. a5 1-0

[Event "4th Stage Russian Cup"]
[Site "Samara RUS"]
[Date "2002.07.31"]
[Round "6"]
[White "Kuporosov,V"]
[Black "Tihonov,J"]
[Result "1/2-1/2"]
[WhiteElo "2486"]
[BlackElo "2382"]
[EventDate "2002.07.26"]

1. Nf3 Nf6 2. d4 g6 3. g3 Bg7 4. Bg2 O-O 5. O-O c6 6. b3 d5 7. Bb2 a5 8. a4
Ne4 9. Nbd2 f5 10. e3 Kh8 11. Ne5 Be6 12. f3 Nd6 13. Qe2 Nd7 14. Kh1 Qe8
15. Nd3 Bf7 16. Ba3 Qb8 17. Bb2 Qe8 18. e4 dxe4 19. fxe4 fxe4 20. Nxe4 Nf5
21. Ne5 Nxe5 22. dxe5 Bd5 23. Nc5 e6 24. Ne4 1/2-1/2

[Event "4th Stage Russian Cup"]
[Site "Samara RUS"]
[Date "2002.07.31"]
[Round "6"]
[White "Frolyanov,D"]
[Black "Kazancev,V"]
[Result "1-0"]
[WhiteElo "2448"]
[BlackElo "2343"]
[EventDate "2002.07.26"]

1. e4 c5 2. Nf3 d6 3. d4 cxd4 4. Nxd4 Nf6 5. Nc3 a6 6. f3 e6 7. Be3 b5 8.
Qd2 Bb7 9. g4 h6 10. O-O-O Nbd7 11. Bd3 b4 12. Nce2 d5 13. exd5 Nxd5 14.
Nxe6 fxe6 15. Bg6+ Ke7 16. Rhe1 Ne5 17. Nf4 Nxf3 18. Bc5+ Kd7 19. Qxb4 1-0

[Event "4th Stage Russian Cup"]
[Site "Samara RUS"]
[Date "2002.07.31"]
[Round "6"]
[White "Egorov,E"]
[Black "Krassilnikov,E"]
[Result "1-0"]
[WhiteElo "2444"]
[BlackElo "2314"]
[EventDate "2002.07.26"]

1. e4 c5 2. Nc3 d6 3. Nf3 g6 4. d4 cxd4 5. Qxd4 Nf6 6. e5 dxe5 7. Qxd8+
Kxd8 8. Nxe5 Be6 9. Bg5 Nbd7 10. O-O-O Kc8 11. Nxd7 Bxd7 12. Bc4 Ng4 13.
Bxf7 Nxf2 14. Rxd7 Kxd7 15. Rf1 Ng4 16. Rd1+ Kc7 17. Nd5+ Kc6 18. Be6 Bh6
19. Nxe7+ Kb6 20. Rd6+ Kc7 21. Rd7+ Kb6 22. Nd5+ Kc6 23. Nb4+ Kb6 24. Bxh6
Nxh6 25. Bd5 Rab8 26. c4 Ng4 27. Nd3 Ne3 28. c5+ Ka6 29. Bf3 b6 30. Kd2
Nf1+ 31. Kc3 Nxh2 32. Nb4+ Ka5 33. Nc6+ Kb5 34. Nd4+ Ka6 35. Be2+ b5 36.
Nc6 1-0

[Event "4th Stage Russian Cup"]
[Site "Samara RUS"]
[Date "2002.07.31"]
[Round "6"]
[White "Iliushkin,E"]
[Black "Khismatullin,D"]
[Result "1-0"]
[WhiteElo "2292"]
[BlackElo "2428"]
[EventDate "2002.07.26"]

1. d4 Nf6 2. c4 c5 3. d5 e5 4. Nc3 d6 5. e4 Be7 6. Nf3 O-O 7. h3 Nbd7 8. g4
Ne8 9. Bd3 g6 10. Bh6 Ng7 11. Qd2 Nf6 12. Ng5 Kh8 13. Nf3 Ng8 14. Bxg7+
Kxg7 15. O-O-O Nf6 16. Rdg1 a6 17. Kb1 Kh8 18. Nh4 Bd7 19. Ng2 Ne8 20. f3
f5 21. exf5 gxf5 22. Qc2 Ng7 23. Ne3 Qe8 24. Rg2 b5 25. Rhg1 Bg5 26. Ncd1
e4 27. fxe4 fxe4 28. Bxe4 Bxe3 29. Nxe3 Rf4 30. Bf5 Qxe3 31. Bxd7 bxc4 32.
Qd2 Qe4+ 33. Qc2 Qxd5 34. Rd2 Rd4 35. Rf2 Ne6 36. Rf5 Qe4 37. Qxe4 Rxe4 38.
Bc6 Nd4 39. Bxa8 Re8 40. Bd5 1-0

[Event "4th Stage Russian Cup"]
[Site "Samara RUS"]
[Date "2002.07.31"]
[Round "6"]
[White "Rodchenkov,V"]
[Black "Vulfson,V"]
[Result "0-1"]
[WhiteElo "2305"]
[BlackElo "2412"]
[EventDate "2002.07.26"]

1. e4 c5 2. Nf3 Nc6 3. Nc3 g6 4. d4 cxd4 5. Nxd4 Bg7 6. Nb3 Nf6 7. Be2 O-O
8. O-O d6 9. Re1 Be6 10. Bf1 a5 11. a4 Rc8 12. Bg5 Nb4 13. Nd4 Bc4 14. Bxc4
Rxc4 15. Ndb5 h6 16. Qe2 Qc8 17. Bh4 Qc5 18. Na3 Rxc3 19. bxc3 Qxc3 20. Nb5
Qxc2 21. Rac1 Qxa4 22. Ra1 Qb3 23. Ra3 Qc2 24. Rxa5 Qxe2 25. Rxe2 g5 26.
Bg3 Nc6 27. Ra4 Nh5 28. f3 Nxg3 29. hxg3 f5 30. Nc7 Nd4 31. Re1 b5 32. Ra2
b4 33. Nd5 b3 34. Nxe7+ Kf7 35. Ra7 Nxf3+ 36. Kf1 Nxe1 37. Nxf5+ Kf6 38.
Kxe1 Rb8 39. Ra1 d5 40. Nxg7 Kxg7 41. exd5 b2 42. Rb1 Kf6 43. Kd2 Ke5 44.
Kc2 Kd6 45. Rxb2 Rxb2+ 46. Kxb2 Kxd5 47. Kc2 Ke4 48. Kd2 Kf5 49. Ke3 Kg4
50. Kf2 h5 51. Kg1 Kxg3 52. Kf1 Kh2 0-1

[Event "4th Stage Russian Cup"]
[Site "Samara RUS"]
[Date "2002.07.31"]
[Round "6"]
[White "Karpeshov,O"]
[Black "Kalinin,Michail"]
[Result "1-0"]
[WhiteElo "2408"]
[BlackElo "2303"]
[EventDate "2002.07.26"]

1. e4 e6 2. d4 d5 3. exd5 exd5 4. Nf3 Bd6 5. c4 c6 6. Nc3 Qe7+ 7. Be2 Nf6
8. O-O h6 9. Bd3 O-O 10. Re1 Qc7 11. cxd5 Nxd5 12. Ne5 Nd7 13. Nxd5 cxd5
14. Bxh6 Nxe5 15. dxe5 Bxe5 16. Qh5 f5 17. Bg5 Bd7 18. Re3 Be8 19. Qf3 Bc6
20. Qh3 g6 21. Rae1 Rae8 22. Qh6 Bg7 23. Qxg6 Rxe3 24. Rxe3 Qf7 25. Qd6 Qh5
26. Rg3 Qd1+ 27. Bf1 Bb5 28. Qe6+ Rf7 29. Qc8+ Kh7 30. Qc1 Qxf1+ 31. Qxf1
Bxf1 32. Kxf1 Bxb2 33. Bf4 Bf6 34. Rb3 Re7 35. Rb5 Rd7 36. Ke2 Kg6 37. Kd3
Kf7 38. Rc5 Bd8 39. f3 Ke6 40. Rc2 Kf7 41. g3 Bb6 42. h4 Bd8 43. h5 Kf6 44.
g4 1-0

[Event "4th Stage Russian Cup"]
[Site "Samara RUS"]
[Date "2002.07.31"]
[Round "6"]
[White "Kiselev,Ar"]
[Black "Kosintseva,N"]
[Result "1/2-1/2"]
[WhiteElo "2195"]
[BlackElo "2394"]
[EventDate "2002.07.26"]

1. d4 f5 2. c4 Nf6 3. Nf3 g6 4. g3 Bg7 5. b4 b6 6. Bb2 Bb7 7. Bg2 e6 8. O-O
O-O 9. Nbd2 Qe7 10. a4 a6 11. b5 d6 12. Qb3 Nbd7 13. Rac1 Kh8 14. Ba3 Ne4
15. e3 e5 16. Rfd1 g5 17. dxe5 Nxe5 18. Nxe5 Qxe5 19. Nxe4 fxe4 20. Rd2 a5
21. Bb2 Qe7 22. h3 Rf7 23. Bxg7+ Kxg7 24. Rd4 Re8 25. Qd1 Qf6 26. Rc2 Rfe7
27. Qh5 Re5 28. Rc1 Bc8 29. Qe2 Bf5 30. Kh2 Qe6 31. Rh1 Rf8 32. Kg1 Rf6 33.
h4 g4 34. Kh2 Bg6 35. Rf1 Bf7 36. Kg1 h5 37. Rc1 Bg6 38. Rf1 Bf7 39. Rc1
1/2-1/2

[Event "4th Stage Russian Cup"]
[Site "Samara RUS"]
[Date "2002.07.31"]
[Round "6"]
[White "Torbin,K"]
[Black "Kniazev,A"]
[Result "1/2-1/2"]
[WhiteElo "2388"]
[BlackElo "2286"]
[EventDate "2002.07.26"]

1. Nf3 c5 2. e4 d6 3. d4 cxd4 4. Nxd4 Nf6 5. Nc3 g6 6. g3 Nc6 7. Nde2 h5 8.
h3 Bd7 9. Bg2 Qc8 10. Nd5 Nxd5 11. exd5 Ne5 12. f4 Nc4 13. Qd4 Rg8 14. c3
Bg7 15. Qd3 b5 16. Nd4 Bf5 17. Be4 Bxe4 18. Qxe4 Bxd4 19. Qxd4 Qc5 20. Qxc5
dxc5 21. a4 b4 22. a5 bxc3 23. bxc3 Kd7 24. Ke2 Rgb8 25. Kd3 Nd6 26. Be3
c4+ 27. Kc2 Rb5 28. Rhd1 a6 29. Bb6 Rc8 30. g4 hxg4 31. hxg4 Ne4 32. Ra4
Nf6 33. Rd4 Nxd5 34. Kd2 Rb2+ 35. Kc1 Rb5 36. Raxc4 Rxc4 37. Rxc4 Nxb6 38.
axb6 Rxb6 39. Kd2 Rc6 40. Ra4 Kd6 41. Ra5 Kc7 42. Kd3 Kb6 43. Ra1 a5 44. c4
Rd6+ 45. Ke4 Rd2 46. Rb1+ Kc6 47. Ra1 Rg2 48. Kf3 Rc2 49. Rxa5 Rxc4 1/2-1/2

[Event "4th Stage Russian Cup"]
[Site "Samara RUS"]
[Date "2002.07.31"]
[Round "6"]
[White "Jamaletdinov,R"]
[Black "Bryzgalin,K"]
[Result "0-1"]
[WhiteElo "2122"]
[BlackElo "2446"]
[EventDate "2002.07.26"]

1. d4 Nf6 2. c4 e6 3. g3 b6 4. Bg2 c6 5. Nf3 Bb4+ 6. Bd2 Be7 7. O-O Ba6 8.
Qc2 O-O 9. Bf4 d5 10. Nbd2 Nbd7 11. Rfe1 Nh5 12. Be3 Bb7 13. Rad1 f5 14.
Nf1 Rc8 15. Ne5 Nhf6 16. Nd3 Re8 17. b4 Bf8 18. c5 Ba6 19. a4 g6 20. Bf4
Nh5 21. Qb1 Bxd3 22. Qxd3 Nxf4 23. gxf4 a5 24. b5 bxc5 25. bxc6 c4 26. Qc2
Rxc6 27. Rb1 Bb4 28. Red1 Qc7 29. e3 Rb8 30. Ng3 Rcb6 31. Ne2 Qd6 32. Qa2
Kf7 33. Kf1 Nf6 34. Kg1 h6 35. Bf3 g5 36. Kh1 Rg8 37. Rg1 Qb8 38. Qc2 Qc7
39. fxg5 hxg5 40. Ng3 Rh8 41. Rg2 g4 42. Be2 Bd6 0-1

[Event "4th Stage Russian Cup"]
[Site "Samara RUS"]
[Date "2002.07.31"]
[Round "6"]
[White "Azarov,S"]
[Black "Aleksandrov,V"]
[Result "1-0"]
[WhiteElo "2532"]
[BlackElo "2261"]
[EventDate "2002.07.26"]

1. e4 e5 2. Nf3 Nf6 3. Nxe5 d6 4. Nf3 Nxe4 5. d4 d5 6. Bd3 Nc6 7. O-O Be7
8. Re1 Bg4 9. c3 f5 10. Nbd2 O-O 11. Qb3 Kh8 12. Qxb7 Rf6 13. Qb5 Rb8 14.
Qa4 Bd6 15. Be2 Rg6 16. Kf1 Bxh2 17. Nxh2 Qh4 18. Nxe4 Qxh2 19. Ng3 Bxe2+
20. Rxe2 h5 21. Bf4 h4 22. Rae1 Kh7 23. Qc2 Rf8 24. Re6 hxg3 25. fxg3 Rxe6
26. Rxe6 Nd8 27. Re7 c6 28. Qe2 Rf7 29. Re8 Nb7 30. Kf2 Qh1 31. Qe6 Qh5 32.
Qxc6 1-0

[Event "4th Stage Russian Cup"]
[Site "Samara RUS"]
[Date "2002.07.31"]
[Round "6"]
[White "Kosintseva,T"]
[Black "Guseva,O"]
[Result "1-0"]
[WhiteElo "2441"]
[BlackElo "2227"]
[EventDate "2002.07.26"]

1. e4 c5 2. c3 d5 3. exd5 Qxd5 4. d4 e6 5. Nf3 Nc6 6. Be3 cxd4 7. cxd4 Nf6
8. a3 Be7 9. Nc3 Qd6 10. Bd3 O-O 11. Qc2 g6 12. O-O b6 13. Rad1 Bb7 14.
Rfe1 Rac8 15. Qe2 Rfd8 16. Bb1 Qb8 17. Ba2 Na5 18. Bg5 Re8 19. Ne5 Nd5 20.
Nxd5 Bxg5 21. Qg4 Bxd5 22. Bxd5 exd5 23. Qxg5 Qd6 24. Ng4 Kg7 25. Qh6+ Kg8
26. Re5 Re6 27. Rde1 Qf8 28. Qh4 Qg7 29. Nh6+ Kh8 30. h3 Rxe5 31. dxe5 Rf8
32. f4 Nc4 33. b3 Nxa3 34. f5 g5 35. Qh5 Nc2 36. f6 Qg6 37. Qxg6 hxg6 38.
Nxf7+ Rxf7 39. e6 Rxf6 40. e7 Nxe1 41. e8=Q+ Kg7 42. Qxe1 Kf7 43. Qe5 a5
44. Qxd5+ Kg7 45. Qxg5 Kf7 46. h4 Rf5 47. Qe3 Rc5 48. Qf3+ Ke6 49. Qb7 b5
50. Qb6+ Kd5 51. Qxa5 1-0

[Event "4th Stage Russian Cup"]
[Site "Samara RUS"]
[Date "2002.07.31"]
[Round "6"]
[White "Akhmadeev,V"]
[Black "Shkliar,A"]
[Result "0-1"]
[WhiteElo "2414"]
[BlackElo "2249"]
[EventDate "2002.07.26"]

1. e4 e6 2. Qe2 c5 3. g3 Nc6 4. c3 g6 5. Bg2 Bg7 6. f4 Nge7 7. Nf3 O-O 8.
O-O d6 9. d3 Rb8 10. Be3 b5 11. d4 cxd4 12. cxd4 e5 13. d5 Nd4 14. Qd2
Nxf3+ 15. Bxf3 a5 16. Nc3 exf4 17. Bxf4 b4 18. Ne2 Ba6 19. Rfd1 Bxe2 20.
Qxe2 h6 21. Rac1 g5 22. Be3 Ng6 23. Bg4 Re8 24. Qg2 a4 25. Kh1 a3 26. b3
Bc3 27. Bd4 Bxd4 28. Rxd4 Ne5 29. Bf5 Re7 30. Rf1 Kg7 31. Rd2 Rc7 32. Qh3
Rc3 33. Rdf2 Rb7 34. Bg4 Rbc7 35. Bd1 Rc1 36. Qf5 Rb1 37. Bh5 Rb2 38. Kg1
Rxf2 39. Qxf2 g4 40. h3 gxh3 41. Kh1 Qg5 42. Bd1 Rc3 43. Qd4 Rxg3 44. Qxb4
Rxb3 45. Qd2 Qxd2 0-1

[Event "4th Stage Russian Cup"]
[Site "Samara RUS"]
[Date "2002.07.31"]
[Round "6"]
[White "Krishilovsky,A"]
[Black "Snatenkov,V"]
[Result "0-1"]
[WhiteElo "2040"]
[BlackElo "2225"]
[EventDate "2002.07.26"]

1. d4 d5 2. c4 e6 3. Nf3 c6 4. e3 Nf6 5. Bd3 Nbd7 6. O-O Bd6 7. Nbd2 O-O 8.
e4 dxe4 9. Nxe4 Nxe4 10. Bxe4 e5 11. Bc2 exd4 12. Qd3 g6 13. Bh6 Re8 14.
Qxd4 Bf8 15. Qf4 Bxh6 16. Qxh6 Nf8 17. Rfe1 Rxe1+ 18. Rxe1 Be6 19. b3 Qa5
20. Bb1 Rd8 21. h3 Qc3 22. Qf4 a5 23. h4 h5 24. Rf1 a4 25. Ng5 axb3 26.
axb3 Qxb3 27. Be4 Bxc4 28. Qf6 Rd1 29. Rxd1 Qxd1+ 30. Kh2 Qd7 31. Bb1 Nh7
32. Qf4 Nxg5 33. Qxc4 Ne6 34. g3 b5 35. Qc2 c5 0-1

[Event "4th Stage Russian Cup"]
[Site "Samara RUS"]
[Date "2002.07.31"]
[Round "6"]
[White "Yashtylov,A"]
[Black "Sunjaikin,B"]
[Result "1/2-1/2"]
[WhiteElo "2381"]
[BlackElo "2219"]
[EventDate "2002.07.26"]

1. d4 Nf6 2. Nf3 g6 3. g3 Bg7 4. Bg2 O-O 5. O-O d5 6. h3 h6 7. Be3 Kh7 8.
Ne5 Nbd7 9. Nc3 e6 10. f4 c5 11. Kh2 Nxe5 12. dxe5 d4 13. exf6 Bxf6 14. Ne4
dxe3 15. Qxd8 Bxd8 16. Nxc5 Rb8 17. Rfd1 Bf6 18. c3 b6 19. Nd3 a5 20. Be4
Ba6 21. Kg2 Bg7 22. Kf3 f5 23. Bc6 Rfc8 24. Bd7 Rc7 25. Ba4 b5 26. Bb3 a4
27. Bc2 a3 28. Nb4 Bb7+ 29. Kxe3 axb2 30. Rab1 Bxc3 31. Nd3 Be4 32. Bb3 Re8
33. Nxb2 Bxb1 34. Rxb1 Bxb2 35. Rxb2 e5 36. fxe5 Rxe5+ 37. Kf2 b4 38. Bc2
Rb5 39. Bd3 Ra5 40. Rxb4 Rxa2 41. Rb6 Ra4 42. g4 Kg7 43. Kg3 Rf7 44. Rc6
Rd4 45. Rb6 f4+ 46. Kf3 Rf6 47. Rb7+ Kf8 48. h4 Re6 49. Kf2 g5 50. hxg5
hxg5 51. Rb5 Rxd3 52. exd3 Rg6 53. Kf3 Re6 54. Rf5+ Ke7 55. Rxg5 Re3+ 56.
Kxf4 Rxd3 1/2-1/2

[Event "4th Stage Russian Cup"]
[Site "Samara RUS"]
[Date "2002.07.31"]
[Round "6"]
[White "Melkozerov,D"]
[Black "Kurganov,D"]
[Result "1-0"]
[WhiteElo "2364"]
[BlackElo "2106"]
[EventDate "2002.07.26"]

1. Nf3 Nf6 2. c4 g6 3. Nc3 Bg7 4. e4 d6 5. d4 O-O 6. Be2 e5 7. O-O Nc6 8.
d5 Ne7 9. b4 a5 10. bxa5 Rxa5 11. Nd2 Nd7 12. Nb3 Ra8 13. a4 f5 14. a5 Nf6
15. f3 f4 16. c5 Ne8 17. Ba3 Rf6 18. Nb5 g5 19. Qc2 Bd7 20. Rfc1 Nc8 21.
cxd6 c6 22. dxc6 bxc6 23. Nc5 Ncxd6 24. Nxd6 Nxd6 25. a6 Be8 26. Rab1 Nb5
27. Rd1 Nd4 28. Qa2+ Kh8 29. Rb7 Rd6 30. Rxd4 exd4 31. Bb2 Qf6 32. a7 Rdd8
33. Bc4 g4 34. Ne6 Rd7 35. Rb8 Rdxa7 36. Qxa7 Rxa7 37. Rxe8+ Bf8 38. Rxf8+
Qxf8 39. Bxd4+ Kg8 40. Nxf8+ 1-0

[Event "4th Stage Russian Cup"]
[Site "Samara RUS"]
[Date "2002.07.31"]
[Round "6"]
[White "Pavlov,De"]
[Black "Gazizov,R"]
[Result "1-0"]
[WhiteElo "2263"]
[BlackElo "2358"]
[EventDate "2002.07.26"]

1. d4 d5 2. c4 dxc4 3. Nf3 a6 4. a4 Nf6 5. e3 e6 6. Bxc4 c5 7. O-O Nc6 8.
Qe2 cxd4 9. Rd1 Be7 10. exd4 Nd5 11. Nc3 Ncb4 12. Ne5 O-O 13. Ne4 f5 14.
Nc3 Bf6 15. Qf3 Qd6 16. Nxd5 exd5 17. Bb3 Be6 18. Bf4 Qd8 19. Rac1 a5 20.
Qg3 Qb6 21. Rc5 Rac8 22. Rdc1 Rxc5 23. Rxc5 Rc8 24. Rxc8+ Bxc8 25. Bg5 Bxg5
26. Qxg5 Qd6 27. h4 Nc6 28. Qd2 b6 29. Nxc6 Qxc6 30. Qf4 Be6 31. Kh2 g6 32.
h5 gxh5 33. Qg5+ Kf8 34. Qh6+ Kg8 35. Qxh5 Qc7+ 36. g3 Qd7 37. Qg5+ Kf7 38.
Bc2 Ke8 39. Qf4 Ke7 40. Qe5 Kf7 41. Kg2 Qc8 1-0

[Event "4th Stage Russian Cup"]
[Site "Samara RUS"]
[Date "2002.07.31"]
[Round "6"]
[White "Kondenko,A"]
[Black "Shestoperova,A"]
[Result "1-0"]
[WhiteElo "2335"]
[BlackElo "2201"]
[EventDate "2002.07.26"]

1. Nf3 e6 2. c4 d5 3. g3 c6 4. b3 f5 5. Bg2 Nf6 6. O-O Bd6 7. d3 Qe7 8. Bb2
O-O 9. Nbd2 e5 10. cxd5 cxd5 11. e4 fxe4 12. dxe4 d4 13. Nc4 Nc6 14. Ne1
Be6 15. Nd3 Bxc4 16. bxc4 Ba3 17. Rb1 Bxb2 18. Rxb2 b6 19. Qa4 Rac8 20. Rb5
Rc7 21. c5 Nd7 22. cxb6 Nxb6 23. Qb3+ Kh8 24. f4 exf4 25. gxf4 Nd8 26. Re5
Qd6 27. Qb5 Rc2 28. f5 Nc4 29. Re8 Ne3 30. Rf2 Rxf2 31. Kxf2 h6 32. Ne5 Kh7
33. Bf3 Qf6 34. Rxf8 Qxf8 35. Bh5 Ne6 36. Bg6+ Kh8 37. Nf7+ Kg8 38. fxe6
Qe7 39. Qb8+ Qf8 1-0

[Event "4th Stage Russian Cup"]
[Site "Samara RUS"]
[Date "2002.07.31"]
[Round "6"]
[White "Poletaev,Vi"]
[Black "Kraev,A"]
[Result "0-1"]
[WhiteElo "2247"]
[BlackElo "2330"]
[EventDate "2002.07.26"]

1. e4 c6 2. f4 d5 3. Nc3 dxe4 4. Nxe4 Nd7 5. Nf3 Ndf6 6. Nf2 e6 7. d4 g6 8.
c3 Bg7 9. Bd3 Ne7 10. Qc2 b6 11. a4 a5 12. Qe2 O-O 13. g4 c5 14. dxc5 bxc5
15. h4 h5 16. g5 Nfd5 17. Ne4 Qc7 18. Ne5 Bb7 19. Ng3 Nf5 20. Rh3 Nxg3 21.
Rxg3 Bxe5 22. fxe5 Ne7 23. Bf4 Rfd8 24. O-O-O Bd5 25. Rf1 c4 26. Bc2 Rab8
27. Qf2 Qb7 28. Bb1 Be4 29. Be3 Nf5 30. Bxe4 Qxe4 31. Rf3 Rd3 32. Ba7 Rbd8
33. Rxd3 cxd3 34. Bd4 Qc6 35. Kb1 Qxa4 36. Qd2 Nxd4 37. cxd4 Qxd4 38. Qc3
d2 39. Rd1 Qe4+ 40. Qc2 Qxh4 41. Ka2 Qd4 42. b3 Qd5 43. Ka3 Qxe5 44. Ka2
Qxg5 45. Qc7 Qd5 0-1

[Event "4th Stage Russian Cup"]
[Site "Samara RUS"]
[Date "2002.07.31"]
[Round "6"]
[White "Shutalev,M"]
[Black "Shibaev,A"]
[Result "0-1"]
[WhiteElo "2140"]
[BlackElo "2306"]
[EventDate "2002.07.26"]

1. b3 e5 2. Bb2 Nc6 3. e3 Nf6 4. Bb5 Bd6 5. Na3 Na5 6. Nc4 Nxc4 7. Bxc4 O-O
8. Nf3 Qe7 9. a4 c6 10. O-O Bc7 11. Ba3 d6 12. h3 e4 13. Nd4 c5 14. Nb5 Bb8
15. d4 a6 16. Nc3 d5 17. Bxd5 Qd6 18. f4 Nxd5 19. dxc5 Nxc3 20. cxd6 Nxd1
21. Raxd1 Bd7 0-1

[Event "4th Stage Russian Cup"]
[Site "Samara RUS"]
[Date "2002.07.31"]
[Round "6"]
[White "Kozlitin,O"]
[Black "Nagimov,A"]
[Result "1/2-1/2"]
[WhiteElo "2273"]
[BlackElo "2154"]
[EventDate "2002.07.26"]

1. e4 c5 2. Nf3 d6 3. d4 cxd4 4. Nxd4 Nf6 5. Nc3 a6 6. Bg5 e6 7. f4 Nc6 8.
Nxc6 bxc6 9. e5 h6 10. Bh4 g5 11. fxg5 Nd5 12. Ne4 Qb6 13. c3 Qxb2 14. Rb1
Qxa2 15. g6 fxg6 16. Bd3 Nf4 17. Bf2 Nxg2+ 18. Kf1 Nf4 19. Nf6+ Kf7 20. Qf3
dxe5 21. Ng4 Bg7 22. Bd4 exd4 23. Qxf4+ Ke7 24. Rb7+ Bd7 25. Rxd7+ Kxd7 26.
Qf7+ Kd6 27. Qxg7 Rhf8+ 28. Kg1 Qd5 29. c4 Qf3 30. Qe5+ Kd7 31. Qxd4+ Kc7
32. Ne5 Qd1+ 33. Kg2 Qd2+ 34. Kh3 Rfd8 35. Qe4 Rd6 36. Rf1 Rad8 37. Rf7+
Kc8 38. Be2 Qc3+ 39. Rf3 Qd4 40. Qxd4 Rxd4 41. Nxc6 Rd2 42. Nxd8 Rxe2 43.
Nf7 h5 44. Rf6 Re3+ 45. Kg2 a5 46. Rxg6 a4 47. Rg5 Re2+ 48. Kh3 e5 49. Nxe5
a3 50. Ng6 Kb7 51. Ra5 a2 52. Kh4 Kb6 53. Ra8 Kc5 54. Ra4 Rxh2+ 1/2-1/2

[Event "4th Stage Russian Cup"]
[Site "Samara RUS"]
[Date "2002.07.31"]
[Round "6"]
[White "Doluhanova,E"]
[Black "Askarov,M"]
[Result "0-1"]
[WhiteElo "2097"]
[BlackElo "2242"]
[EventDate "2002.07.26"]

1. e4 c5 2. Nf3 d6 3. c3 Nf6 4. Be2 Nc6 5. d3 g6 6. O-O Bg7 7. h3 O-O 8.
Be3 e5 9. Nbd2 Nh5 10. Re1 Nf4 11. Bf1 Ne6 12. Nb3 f5 13. Bc1 Kh8 14. Rb1
b6 15. Na1 Qf6 16. Nc2 Nf4 17. Nd2 Bb7 18. b4 cxb4 19. cxb4 Rac8 20. g3 Ne6
21. Bg2 Ncd4 22. Nxd4 Nxd4 23. Rf1 Ba6 24. Nb3 Nb5 25. Bb2 Nc3 26. Bxc3
Rxc3 27. Nc1 fxe4 28. Bxe4 Qf7 29. Rb3 Rc7 30. b5 Bc8 31. Bg2 Be6 32. Ra3
d5 33. Ne2 Qd7 34. h4 Qxb5 0-1

[Event "4th Stage Russian Cup"]
[Site "Samara RUS"]
[Date "2002.07.31"]
[Round "6"]
[White "Luchkin,A"]
[Black "Petrov,Il"]
[Result "1-0"]
[WhiteElo "2191"]
[BlackElo "2161"]
[EventDate "2002.07.26"]

1. e4 e5 2. Nf3 Nc6 3. Bb5 Nge7 4. d4 exd4 5. Nxd4 Nxd4 6. Qxd4 Nc6 7. Bxc6
bxc6 8. O-O d6 9. b3 Be7 10. Qe3 Bf6 11. Nc3 O-O 12. Bb2 Re8 13. Rad1 Qe7
14. Rfe1 Bb7 15. Qd2 Rad8 16. Na4 Bxb2 17. Nxb2 c5 18. f3 f5 19. exf5 Qf6
20. Nd3 Qxf5 21. Rxe8+ Rxe8 22. Re1 Qg6 23. Kf2 Qf7 24. Qa5 Rf8 25. Re3 a6
26. Qe1 Qh5 27. Kg1 Qg5 28. Qe2 Bc6 29. Nf2 d5 30. Nh3 Qf5 31. Re5 Qg6 32.
Kf2 Re8 33. Nf4 Rxe5 34. Qxe5 Qd6 35. Qe6+ Kf8 36. Qf5+ Kg8 37. g3 Bb7 38.
h4 d4 39. Nd3 Bd5 40. f4 g6 41. Qc8+ Kg7 42. Ne5 Be6 43. Qe8 Bd5 44. h5
gxh5 45. Qxh5 Qh6 46. Qg4+ Kf6 47. Ke1 Qh1+ 48. Kd2 Qe4 49. Qg5+ Ke6 50.
Qg8+ Ke7 51. Qg7+ Ke8 52. Qd7+ Kf8 53. Qd8+ Kg7 54. Qe7+ Kg8 55. Qg5+ Kh8
56. Qd8+ Kg7 57. Qg5+ Kh8 58. Qf6+ Kg8 59. Qd8+ Kg7 60. Qxc7+ Kg8 61. Qd8+
Kg7 62. Qe7+ Kg8 63. Qg5+ Kh8 64. Qd8+ Kg7 65. Qd7+ Kg8 66. Qg4+ Kf8 67.
Qe2 Ke7 68. Qxe4 Bxe4 69. c3 Ke6 70. b4 Kd5 71. c4+ Kd6 72. a3 h5 73. Nd3
cxb4 74. axb4 Bf3 75. Nf2 a5 76. bxa5 Kc5 77. Kd3 Bg2 78. Ne4+ Bxe4+ 79.
Kxe4 Kxc4 80. a6 d3 81. a7 d2 82. a8=Q d1=Q 83. Qc8+ Kb4 84. Qf8+ Kc4 85.
Qf7+ Kb4 86. Qe7+ Kc4 87. Qe6+ Kc5 88. Qf5+ Kc4 89. Qc8+ Kb4 90. Qb8+ Kc4
91. Qc8+ Kb4 1-0